| 000 | 00963nam a22002297a 4500 | ||
|---|---|---|---|
| 999 |
_c21936 _d21936 |
||
| 003 | AR-CdUCM | ||
| 008 | 190306b ||||| |||| 00| 0 spa d | ||
| 040 |
_aMUNICIPALIDAD PROVINCIAL DEL CUSCO _cBIBLIOTECA MUNICIPAL DEL CUSCO |
||
| 082 |
_a869.56/A31 _bA31 |
||
| 100 |
_aAguilar Cano, Julio _946919 |
||
| 245 |
_aConfidencias / _cJulio Aguilar Cano |
||
| 260 |
_aCusco : _bLexan, _c2021. |
||
| 300 |
_a121 páginas. : _bilustraciones ; _c20 cm. |
||
| 500 | _aEl texto contiene artículos biográficos, históricos y anécdotas que resumen cuatro décadas de ejercicio periodístico. | ||
| 505 | _aContenido: Mi primera comisión. -- Una vía al futuro. -- La casona del pueblo. -- Hacendados con sotana. -- Cuarto poder nació en Cusco ... | ||
| 650 |
_aLiteratura cusqueña _944229 |
||
| 650 |
_aLiteratos cusqueños _944145 |
||
| 650 |
_aDaniel Estrada Pérez _96667 |
||
| 650 |
_aAlejandro Velasco Astete _946920 |
||
| 942 |
_2ddc _cLIBROS |
||
| 945 | _ar.a.c | ||